| 000 | 00653nam a2200229 4500 | ||
|---|---|---|---|
| 003 | OSt | ||
| 005 | 20260601171011.0 | ||
| 008 | 260501t1969\\\\enka||||\||||\00|\0\eng\d | ||
| 040 |
_aICI _bspa _cICI |
||
| 041 | _aeng | ||
| 050 |
_aTS171 _bB38 |
||
| 100 | 1 |
_aBaynes, Ken, _eautor _933149 |
|
| 245 | 1 |
_aAttitudes in desing education / _cKen Baynes |
|
| 264 |
_aLondon : _bLund Humphries, _c1969 |
||
| 300 |
_a143 páginas : _bilustraciones |
||
| 336 |
_atexto _2rdacontent |
||
| 337 |
_asin medio _2rdamedia |
||
| 338 |
_avolumen _2rdacarrier |
||
| 650 | 1 |
_aDiseño _xEnseñanza |
|
| 650 | 1 |
_aDiseño industrial _xEnseñanza _933151 |
|
| 942 |
_2lcc _cB _n1 |
||
| 999 |
_c20509 _d20509 |
||